[Event "FIDE TURNIR 2014"]
[Site "Ljubljana"]
[Date "2014.05.05"]
[Round "4.5"]
[White "Cerkvenik, Simon"]
[Black "Vertacnik, Viktor"]
[Result "1-0"]
[WhiteElo "1708"]
[BlackElo "1600"]
[PlyCount "49"]
[EventDate "2014.04.23"]

1. e4 e5 2. Nf3 Nc6 3. Bb5 Nf6 4. d3 Bc5 5. Bxc6 dxc6 6. O-O Qd6 7. Nbd2 b5 8.
a4 a6 9. Nb3 O-O 10. Nxc5 Qxc5 11. h3 h6 12. axb5 cxb5 13. b4 Qe7 14. Qd2 Bb7
15. Qc3 Rfe8 16. Bb2 c5 17. bxc5 Rec8 18. Qxe5 Qxe5 19. Bxe5 Rxc5 20. Bxf6 gxf6
21. Rfc1 Rac8 22. Nd4 Rg5 23. Nf5 Kh7 24. h4 Rg4 25. f3 1-0

[Event "FIDE TURNIR 2014"]
[Site "Ljubljana"]
[Date "2014.04.23"]
[Round "4.6"]
[White "Sketa, Mark"]
[Black "Subelj, Jan"]
[Result "1-0"]
[WhiteElo "1660"]
[BlackElo "1611"]
[PlyCount "63"]
[EventDate "2014.04.23"]

1. e4 e5 2. Nf3 Nc6 3. Bb5 a6 4. Ba4 Nf6 5. O-O Be7 6. Re1 b5 7. Bb3 d6 8. c3
O-O 9. h3 Na5 10. Bc2 c5 11. d4 Qc7 12. Nbd2 Nc6 13. d5 Nb8 14. a4 Qb7 15. Nf1
Re8 16. Ng3 h6 17. Nh2 Nbd7 18. Nf5 Nf8 19. Nxe7+ Rxe7 20. f4 Ng6 21. f5 Nf8
22. g4 N6h7 23. h4 f6 24. Kh1 Nd7 25. Rg1 bxa4 26. Bxa4 Nb6 27. Bc6 Qc7 28.
Bxa8 Nxa8 29. Nf3 Kf8 30. g5 Ke8 31. gxh6 gxh6 32. Bxh6 1-0

[Event "FIDE TURNIR 2014"]
[Site "Ljubljana"]
[Date "2014.04.23"]
[Round "4.7"]
[White "Malkoc, Tilen"]
[Black "Kmetic, Val"]
[Result "0-1"]
[WhiteElo "1410"]
[BlackElo "1470"]
[PlyCount "102"]
[EventDate "2014.04.23"]

1. d4 d5 2. c4 e6 3. Nf3 Nf6 4. Bg5 Nbd7 5. Nc3 c6 6. e3 Qa5 7. Nd2 Bb4 8. Qc2
Ne4 9. Ndxe4 dxe4 10. a3 Bxc3+ 11. Qxc3 Qxg5 12. g3 e5 13. Bg2 exd4 14. exd4
Nf6 15. O-O O-O 16. Rfe1 Bf5 17. Qb4 Rab8 18. Qc5 a6 19. Bxe4 Nxe4 20. Rxe4 Qf6
21. Rf4 g6 22. g4 Qg5 23. Qe5 Rfe8 24. Qc7 Rbc8 25. Qd6 Rcd8 26. Qc7 Rd7 27.
Rxf5 Qxg4+ 28. Qg3 Qxf5 29. Qc3 Qg4+ 30. Kh1 Rxd4 31. Rg1 Qf4 32. Rf1 Rxc4 33.
Qh3 Rc1 34. b4 Rxf1+ 35. Qxf1 Qf3+ 36. Kg1 Rd8 37. h3 Rd1 38. Qxd1 Qxd1+ 39.
Kg2 Kg7 40. h4 Kf6 41. h5 Kg5 42. f4+ Kg4 43. h6 Qe2+ 44. Kh1 Kh3 45. f5 gxf5
46. b5 f4 47. Kg1 f3 48. b6 f2+ 49. Kh1 f1=N 50. a4 Ng3+ 51. Kg1 Qe3# 0-1

[Event "FIDE TURNIR 2014"]
[Site "Ljubljana"]
[Date "2014.04.23"]
[Round "4.8"]
[White "Jelen, Miha"]
[Black "Bogataj, Tomaz"]
[Result "0-1"]
[WhiteElo "1533"]
[BlackElo "1697"]
[PlyCount "122"]
[EventDate "2014.04.23"]

1. e4 c6 2. d4 d5 3. exd5 cxd5 4. c4 Nf6 5. Nc3 e6 6. Nf3 Nc6 7. Bg5 Be7 8. Be2
O-O 9. O-O Ne4 10. Bxe7 Qxe7 11. cxd5 Nxc3 12. bxc3 exd5 13. Re1 Qf6 14. Qb3
Rd8 15. Bd3 Rb8 16. Qc2 h6 17. Ne5 Be6 18. Re3 Rbc8 19. Qe2 Nxe5 20. dxe5 Qg5
21. h3 Kh8 22. Qb2 Rc7 23. Rae1 Rdc8 24. Rg3 Qh4 25. Bb1 g6 26. Rd1 Qf4 27. Re3
b6 28. a3 Rc4 29. Ba2 Re4 30. Red3 Qxe5 31. Bxd5 Bxd5 32. Rxd5 Re1+ 33. Rxe1
Qxe1+ 34. Kh2 Qxc3 35. Rb5 Qxb2 36. Rxb2 Rc3 37. Ra2 b5 38. f3 Rb3 39. Kg3 Kg7
40. Kf4 Rd3 41. Ke4 Rd1 42. Rb2 a6 43. Ra2 Kf6 44. Rc2 Ke6 45. Rc6+ Rd6 46. Rc2
f5+ 47. Ke3 Ke5 48. Rc5+ Ke6 49. Rc2 Kd5 50. Kd3 Rc6 51. Rb2 Rc4 52. Rb3 Kc5
53. Rb2 a5 54. Rb3 f4 55. h4 a4 56. Rb2 b4 57. axb4+ Kb5 58. Kd2 a3 59. Rb1
Rxb4 60. Ra1 Ka4 61. Kc3 Rb2 0-1

[Event "FIDE TURNIR 2014"]
[Site "Ljubljana"]
[Date "2014.04.23"]
[Round "4.9"]
[White "Siraj, Anej"]
[Black "Piciga, Aleksander"]
[Result "1-0"]
[WhiteElo "1427"]
[BlackElo "1392"]
[PlyCount "118"]
[EventDate "2014.04.23"]

1. e4 e6 2. d4 d5 3. e5 c5 4. Nf3 Nc6 5. Bb5 Qb6 6. Nc3 Nge7 7. O-O Bd7 8. Be3
Nf5 9. dxc5 Bxc5 10. Bxc6 Bxc6 11. Bxc5 Qxc5 12. Qe2 Qb4 13. Rab1 Rc8 14. a3
Qa5 15. Rbd1 Qb6 16. b3 Qc5 17. Qd2 Qxa3 18. Nd4 Ne7 19. Ndb5 Bxb5 20. Nxb5 Qb2
21. Nd6+ Kd7 22. Nxc8 Rxc8 23. Qb4 Qxc2 24. Qxb7+ Rc7 25. Qb5+ Nc6 26. Rc1 Qe4
27. Rfe1 Qd4 28. Rc2 Qb4 29. Qxb4 Nxb4 30. Rxc7+ Kxc7 31. Kf1 Kb6 32. Ke2 Nc2
33. Rd1 Kb5 34. Kd3 Nb4+ 35. Kc3 Nc6 36. f4 a5 37. g3 Kc5 38. Rc1 Kb5 39. Kd3
Nb4+ 40. Kd2 Nc6 41. Rc3 Kb6 42. g4 h6 43. Re3 Nd4 44. Rd3 Nc6 45. Rg3 g6 46.
Rh3 g5 47. Rxh6 gxf4 48. Rf6 Nxe5 49. Rxf4 Kc5 50. Kc3 Kd6 51. g5 Ke7 52. h4
Ng6 53. Ra4 e5 54. h5 d4+ 55. Kd2 Nf4 56. h6 Ng6 57. Rxa5 Kf8 58. Ra8+ Ke7 59.
h7 Ke6 1-0

[Event "FIDE TURNIR 2014"]
[Site "Ljubljana"]
[Date "2014.04.23"]
[Round "4.10"]
[White "Kaluza, Dominik"]
[Black "Vah, Denis"]
[Result "1-0"]
[WhiteElo "1564"]
[BlackElo "1500"]
[PlyCount "129"]
[EventDate "2014.04.23"]

1. e4 e6 2. d4 d5 3. exd5 exd5 4. Bd3 c5 5. dxc5 Bxc5 6. Nf3 Ne7 7. Bg5 f6 8.
Bh4 O-O 9. O-O Bf5 10. Nc3 Nbc6 11. Bg3 a6 12. Bxf5 Nxf5 13. Qxd5+ Qxd5 14.
Nxd5 Rad8 15. Nc3 Rfe8 16. Rfe1 Rxe1+ 17. Rxe1 Nb4 18. Re2 Bd4 19. Rd2 Nc6 20.
Bf4 Re8 21. a3 Nh4 22. Rd1 Nxf3+ 23. gxf3 g5 24. Bg3 f5 25. f4 g4 26. Kg2 h5
27. Nd5 Rd8 28. Nc3 Re8 29. Bh4 Kg7 30. Nb1 Bxb2 31. Rd7+ Kf8 32. Rxb7 Re2 33.
Rxb2 Nd4 34. Rb8+ Kf7 35. Rb7+ Ke6 36. Re7+ Kd5 37. Rxe2 Nxe2 38. Bg3 Ke4 39.
Nd2+ Kd4 40. Kf1 Nc3 41. Nb3+ Kc4 42. Na5+ Kb5 43. Nb3 Kc4 44. Ke1 Ne4 45. Nd2+
Nxd2 46. Kxd2 Kd4 47. c3+ Kc4 48. Bh4 a5 49. Kc2 a4 50. Be7 Kb5 51. Kd3 Kc6 52.
Kc4 Kd7 53. Kb4 Kxe7 54. Kxa4 Kd7 55. Kb5 Kc7 56. a4 h4 57. a5 Kb7 58. a6+ Ka7
59. c4 Kb8 60. c5 Kc7 61. c6 Kb8 62. Kb6 h3 63. a7+ Ka8 64. c7 g3 65. c8=R# 1-0

[Event "FIDE TURNIR 2014"]
[Site "Ljubljana"]
[Date "2014.04.23"]
[Round "4.11"]
[White "Malkoc, Patrik"]
[Black "Vujic, Nikola"]
[Result "0-1"]
[WhiteElo "1189"]
[BlackElo "1500"]
[PlyCount "128"]
[EventDate "2014.04.23"]

1. d4 d5 2. c4 Nf6 3. Nc3 e6 4. Bf4 a6 5. Nf3 Nc6 6. e3 Bb4 7. Bg5 Bxc3+ 8.
bxc3 h6 9. Bh4 g5 10. Bg3 Ne4 11. Qb3 Nxg3 12. hxg3 Rb8 13. cxd5 exd5 14. Ne5
Nxe5 15. dxe5 Be6 16. Rd1 b5 17. e4 c6 18. Be2 Qa5 19. Bf3 d4 20. Qc2 Qxc3+ 21.
Qxc3 dxc3 22. Rc1 Bxa2 23. Rxc3 Bc4 24. Be2 c5 25. Bxc4 bxc4 26. O-O Rb4 27.
Rfc1 Ke7 28. Rxc4 Rxc4 29. Rxc4 Rc8 30. f4 Kd7 31. Ra4 Ra8 32. Kf2 Kc6 33. Ke3
Kb5 34. Ra1 c4 35. Rb1+ Kc5 36. Kd2 Rd8+ 37. Kc2 Rd3 38. Rb7 Rxg3 39. Rxf7
Rxg2+ 40. Kc3 Rg3+ 41. Kc2 gxf4 42. Rxf4 Rg5 43. e6 Re5 44. Rf5 Rxf5 45. exf5
Kd6 46. Kc3 h5 47. Kxc4 h4 48. Kd4 h3 49. Ke4 h2 50. Kf4 h1=Q 51. Kg5 Qh7 52.
Kf6 a5 53. Kg5 a4 54. Kf6 Qe7+ 55. Kg6 a3 56. f6 Qxe6 57. Kg7 Qxf6+ 58. Kxf6 a2
59. Kf5 a1=Q 60. Kf4 Kd5 61. Kf3 Qe5 62. Kf2 Kd4 63. Kf3 Qe4+ 64. Kg3 Ke3 {
NEJASNO (69)} 0-1

[Event "FIDE TURNIR 2014"]
[Site "Ljubljana"]
[Date "2014.05.06"]
[Round "4.12"]
[White "Koderman, Maj"]
[Black "Jereb, Lana"]
[Result "0-1"]
[WhiteElo "1500"]
[BlackElo "1506"]
[PlyCount "50"]
[EventDate "2014.04.23"]

1. e4 e6 2. d4 d5 3. exd5 exd5 4. Bd3 Nc6 5. Nf3 Bg4 6. Be3 Nf6 7. Nbd2 Bd6 8.
h3 Bh5 9. g4 Bg6 10. Bxg6 hxg6 11. Qe2 Nxg4 12. Bh6+ Qe7 13. Qxe7+ Kxe7 14.
Bxg7 Rh7 15. Be5 Ngxe5 16. dxe5 Nxe5 17. Nxe5 Bxe5 18. Nf3 Bxb2 19. Rb1 Bc3+
20. Kd1 b6 21. Rb3 Bf6 22. Re1+ Kd6 23. Nd2 Rhh8 24. Rf3 Bg5 25. Rxf7 Rxh3 0-1

[Event "FIDE TURNIR 2014"]
[Site "Ljubljana"]
[Date "2014.04.23"]
[Round "4.13"]
[White "Marn, Jan"]
[Black "Pridigar, Lovro"]
[Result "0-1"]
[WhiteElo "1335"]
[BlackElo "1660"]
[PlyCount "43"]
[EventDate "2014.04.23"]

1. e4 c5 2. Nf3 d6 3. d4 cxd4 4. Nxd4 Nf6 5. Nc3 g6 6. Be3 Bg7 7. Be2 O-O 8.
O-O Nc6 9. f4 Qb6 10. Rb1 Nxe4 11. Nf5 Nxc3 12. bxc3 Qa5 13. Nxg7 Qxc3 14. Qc1
Kxg7 15. f5 Kg8 16. Bh6 Re8 17. fxg6 hxg6 18. Rf3 Qc5+ 19. Be3 Nd4 20. Kh1 Nxe2
21. Qf1 Qh5 22. Rf2 0-1

[Event "FIDE TURNIR 2014"]
[Site "Ljubljana"]
[Date "2014.04.23"]
[Round "4.14"]
[White "Straze, Matija"]
[Black "Lavrih, Domen"]
[Result "0-1"]
[WhiteElo "1604"]
[BlackElo "1439"]
[PlyCount "64"]
[EventDate "2014.04.23"]

1. e4 e6 2. d4 d5 3. e5 c5 4. c3 Nc6 5. Nf3 Qb6 6. a3 Nge7 7. g4 Ng6 8. b4 cxd4
9. cxd4 Bd7 10. Bb2 Be7 11. Nbd2 O-O 12. Nb3 Rac8 13. Qd2 f6 14. exf6 Bxf6 15.
Be2 Qd8 16. g5 Be7 17. h4 Bd6 18. Bc1 Be8 19. Nc5 Bxc5 20. bxc5 Nf4 21. Bd1 Bh5
22. O-O Bxf3 23. Bxf3 h6 24. gxh6 Qxh4 25. hxg7 Rf5 26. Bg2 Nxg2 27. f4 Rf7 28.
Rf2 Nxf4 29. Rxf4 Rxg7+ 30. Kf1 Qh1+ 31. Ke2 Rg2+ 32. Rf2 Rf8 0-1

[Event "FIDE TURNIR 2014"]
[Site "Ljubljana"]
[Date "2014.04.23"]
[Round "4.15"]
[White "Jovanovski, Vangel"]
[Black "Kmetic, Andrej"]
[Result "1-0"]
[WhiteElo "1668"]
[BlackElo "1397"]
[PlyCount "87"]
[EventDate "2014.04.23"]

1. e4 d5 2. exd5 Qxd5 3. Nc3 Qa5 4. d4 Nf6 5. Bd2 c6 6. Bd3 g6 7. Ne4 Qc7 8.
Nxf6+ exf6 9. Qf3 Bg7 10. Bb4 a5 11. Ba3 Be6 12. Ne2 Bd5 13. Be4 Bc4 14. b3 Be6
15. O-O f5 16. Bd3 b5 17. c3 Ra7 18. Rfe1 Bh6 19. Rad1 Rb7 20. d5 cxd5 21. Nd4
Qd7 22. Qe2 b4 23. cxb4 axb4 24. Nxe6 fxe6 25. Bb2 Rg8 26. Qxe6+ Qxe6 27. Rxe6+
Kd7 28. Rde1 Bd2 29. R1e2 Bc3 30. Bc1 Rg7 31. Bf4 Nc6 32. Rd6+ Kc8 33. Rxc6+
Kd8 34. Be5 Rge7 35. Bxc3 Rxe2 36. Bxe2 bxc3 37. Rxc3 Kd7 38. g3 Kd6 39. f4 Rb4
40. Kf2 Rd4 41. Rd3 Rb4 42. Bf3 d4 43. a3 Rb5 44. Rxd4+ 1-0

[Event "FIDE TURNIR 2014"]
[Site "Ljubljana"]
[Date "2014.04.23"]
[Round "4.16"]
[White "Zupanic Leksan, Uros"]
[Black "Mlakar, Matej"]
[Result "0-1"]
[WhiteElo "1550"]
[BlackElo "1500"]
[PlyCount "46"]
[EventDate "2014.04.23"]

1. e4 e5 2. Bc4 Nf6 3. Nc3 Nc6 4. Nf3 Bc5 5. O-O O-O 6. h3 h6 7. d3 d6 8. Nh4
Nh7 9. Nf5 Bxf5 10. exf5 Nd4 11. Qg4 Nf6 12. Qg3 Kh7 13. Na4 Ne2+ 14. Kh1 Nxg3+
15. fxg3 a6 16. Nxc5 dxc5 17. Be3 Nh5 18. Bxc5 Nxg3+ 19. Kg1 Nxf1 20. Rxf1 f6
21. Bxf8 Qxf8 22. Bd5 Qc5+ 23. Kh1 Qxd5 0-1

[Event "FIDE TURNIR 2014"]
[Site "Ljubljana"]
[Date "2014.04.23"]
[Round "4.17"]
[White "More, Erlend"]
[Black "Kozarski, Aleksander"]
[Result "0-1"]
[WhiteElo "1693"]
[BlackElo "1557"]
[PlyCount "68"]
[EventDate "2014.04.23"]

1. d4 d5 2. c4 dxc4 3. Nc3 Bd7 4. Nf3 c6 5. e4 b5 6. b3 b4 7. Na4 c3 8. Nc5 e6
9. Nxd7 Nxd7 10. Bd3 Ne7 11. O-O Ng6 12. Re1 Nf6 13. d5 cxd5 14. Bb5+ Nd7 15.
exd5 Be7 16. dxe6 fxe6 17. Rxe6 a6 18. Rxa6 Rxa6 19. Bxa6 O-O 20. Bc4+ Kh8 21.
Qe2 Bf6 22. a3 Nde5 23. Ra2 Nxf3+ 24. gxf3 Re8 25. Qf1 Qa5 26. Bb5 Rf8 27. a4
Qd8 28. Bc4 Be5 29. Re2 Qf6 30. Qh3 Qd6 31. Re1 Nf4 32. Qg4 h5 33. Qh4 Qg6+ 34.
Qg3 Nh3+ 0-1

[Event "FIDE TURNIR 2014"]
[Site "Ljubljana"]
[Date "2014.04.23"]
[Round "4.18"]
[White "Tisler, Janez"]
[Black "Unuk, Jan"]
[Result "1/2-1/2"]
[WhiteElo "1589"]
[BlackElo "1570"]
[PlyCount "66"]
[EventDate "2014.04.23"]

1. e4 e6 2. d4 d5 3. e5 c5 4. c3 Nc6 5. Bb5 cxd4 6. Qxd4 Bd7 7. Bxc6 Bxc6 8.
Ne2 Qc7 9. O-O Bb5 10. Re1 Bc5 11. Qf4 Ne7 12. Nd4 Bd7 13. b4 Bb6 14. a4 a5 15.
Qg3 Bxd4 16. cxd4 Nf5 17. Qd3 axb4 18. g4 Ne7 19. Qb3 Qb6 20. Be3 O-O 21. Nc3
Nc6 22. Nb5 Na5 23. Qxb4 Bxb5 24. axb5 Nc4 25. Rxa8 Rxa8 26. Qc5 h6 27. f4 Ra5
28. Qxb6 Nxb6 29. Rb1 Nc4 30. Bc1 Kf8 31. h4 g6 32. f5 Kg7 33. fxe6 fxe6
1/2-1/2

[Event "FIDE TURNIR 2014"]
[Site "Ljubljana"]
[Date "2014.05.05"]
[Round "4.19"]
[White "Drobnic, Simona"]
[Black "Varga, Ivan"]
[Result "1-0"]
[WhiteElo "1412"]
[BlackElo "1461"]
[PlyCount "61"]
[EventDate "2014.04.23"]

1. e4 e5 2. Nf3 Nf6 3. Nc3 d5 4. exd5 Nxd5 5. Nxe5 Nf6 6. Bc4 Be6 7. Bxe6 fxe6
8. O-O Bd6 9. Ng4 Nbd7 10. Re1 e5 11. d4 h5 12. dxe5 hxg4 13. exf6+ Kf7 14.
fxg7 Bxh2+ 15. Kf1 Rh4 16. g3 Bxg3 17. fxg3 Qf6+ 18. Kg1 Ne5 19. Qd5+ Kxg7 20.
Qxe5 Rh3 21. Qxf6+ Kxf6 22. Bf4 Rc8 23. Nd5+ Kf7 24. Re7+ Kg6 25. Rxc7 Rch8 26.
Kf2 Rh2+ 27. Ke3 Re8+ 28. Kd4 b6 29. Rc6+ Kf7 30. Rf1 Rhe2 31. Be3+ 1-0

[Event "FIDE TURNIR 2014"]
[Site "Ljubljana"]
[Date "2014.04.23"]
[Round "4.20"]
[White "Siraj, Vita"]
[Black "Trplan, Filip"]
[Result "0-1"]
[WhiteElo "1639"]
[BlackElo "1243"]
[PlyCount "48"]
[EventDate "2014.04.23"]

1. e4 c5 2. Nf3 Nc6 3. d4 cxd4 4. Nxd4 g6 5. Nxc6 bxc6 6. Nc3 Bg7 7. Bc4 Bb7 8.
Qf3 e6 9. O-O Ne7 10. Bg5 O-O 11. Bf6 d5 12. exd5 cxd5 13. Rad1 Bxf6 14. Qxf6
Nf5 15. Qxd8 Rfxd8 16. Bb5 Rac8 17. Rfe1 d4 18. Na4 Rxc2 19. Bd3 Rcc8 20. b3
Nh4 21. Be4 Bxe4 22. Rxe4 Nf5 23. g4 Nh4 24. Rd3 Rc1+ 0-1

[Event "FIDE TURNIR 2014"]
[Site "Ljubljana"]
[Date "2014.04.23"]
[Round "4.21"]
[White "Mazzini, Katarina"]
[Black "Bajt, Ales"]
[Result "1-0"]
[WhiteElo "1213"]
[BlackElo "1292"]
[PlyCount "85"]
[EventDate "2014.04.23"]

1. e4 b6 2. d4 Bb7 3. Nc3 e6 4. Nf3 Bb4 5. Bd3 d5 6. e5 c5 7. O-O c4 8. Be2
Bxc3 9. bxc3 Ne7 10. Ba3 O-O 11. Qd2 h6 12. Nh4 Nbc6 13. f4 b5 14. f5 exf5 15.
Nxf5 Re8 16. Nd6 Qa5 17. Bb4 Qb6 18. Nxe8 Rxe8 19. Bxe7 Rxe7 20. Rf3 Rxe5 21.
Rg3 Kf8 22. Rf1 Re7 23. Rg6 Kg8 24. Rg3 Kf8 25. Rf5 Qd8 26. Bh5 Bc8 27. Rf1 Qa5
28. Rgf3 Be6 29. Qf2 Nd8 30. Re1 Qb6 31. Rfe3 a5 32. Bg4 Qd6 33. Bxe6 Nxe6 34.
Qg3 Qb6 35. Qf3 Qd6 36. Re5 Ng5 37. Qf5 Re6 38. Rxe6 Nxe6 39. Re5 Ke7 40. Rxd5
Qa3 41. Rxb5 Qxc3 42. Rb7+ Kf8 43. Qxf7# 1-0

[Event "FIDE TURNIR 2014"]
[Site "Ljubljana"]
[Date "2014.04.23"]
[Round "4.22"]
[White "Jersic, Aleks"]
[Black "Siraj, Svit"]
[Result "1-0"]
[WhiteElo "1538"]
[BlackElo "1525"]
[PlyCount "33"]
[EventDate "2014.04.23"]

1. e4 d5 2. exd5 Qxd5 3. Nc3 Qd8 4. d4 Nf6 5. Nf3 Bg4 6. Be3 e6 7. h3 Bh5 8. g4
Bg6 9. Bg2 Bd6 10. Ne5 a6 11. Bxb7 Ra7 12. Bc6+ Ke7 13. Bg2 a5 14. Nxg6+ hxg6
15. d5 Nxd5 16. Nxd5+ exd5 17. Bxa7 1-0

[Event "FIDE TURNIR 2014"]
[Site "Ljubljana"]
[Date "2014.04.23"]
[Round "4.23"]
[White "Zaloznik, Vesna"]
[Black "Novak, Anze"]
[Result "0-1"]
[WhiteElo "1594"]
[BlackElo "1677"]
[PlyCount "22"]
[EventDate "2014.04.23"]

1. e4 c6 2. Nc3 d5 3. d4 dxe4 4. Nxe4 Nd7 5. Qe2 Ndf6 6. Bg5 Qxd4 7. Nxf6+ Nxf6
8. Bxf6 Qxf6 9. O-O-O Bf5 10. f4 Qe6 11. Qf2 Qxa2 0-1

[Event "FIDE TURNIR 2014"]
[Site "Ljubljana"]
[Date "2014.04.23"]
[Round "4.24"]
[White "Groselj, Kaja"]
[Black "Paternoster, Janez"]
[Result "1-0"]
[WhiteElo "1396"]
[BlackElo "1575"]
[PlyCount "115"]
[EventDate "2014.04.23"]

1. e4 c6 2. d4 d5 3. exd5 cxd5 4. Nc3 Nf6 5. Nf3 Nc6 6. Bf4 a6 7. Be2 Bf5 8.
O-O h6 9. Qd2 e6 10. Rfe1 Bb4 11. Bd3 Bxd3 12. Qxd3 O-O 13. Nd2 Re8 14. Qg3 Nh5
15. Qg4 Nxf4 16. Qxf4 Qb6 17. a3 Bxc3 18. bxc3 Qb2 19. Rab1 Qxc2 20. Rxb7 Rf8
21. Rb3 Na5 22. Rbb1 Qxc3 23. Nf1 Qxa3 24. Re3 Qa2 25. Rbe1 Qc4 26. Rg3 g6 27.
Qxh6 Qxd4 28. Rxe6 Qg7 29. Rexg6 fxg6 30. Rxg6 Qxg6 31. Qxg6+ Kh8 32. Qh5+ Kg7
33. Qg5+ Kh7 34. Qxd5 Rfd8 35. Qxa5 Rdc8 36. g3 Rd8 37. Kg2 Kg7 38. Ne3 Re8 39.
Nd5 Re5 40. Qc7+ Kg6 41. Qxe5 a5 42. Nc3 Ra6 43. Qe4+ Kf6 44. Qd3 Rc6 45. Qf3+
Ke6 46. Qxc6+ Ke7 47. Qc5+ Ke6 48. Qxa5 Kd6 49. Qd5+ Ke7 50. Qc6 Kf7 51. Qd6
Kg7 52. Qe6 Kh7 53. Qg4 Kh8 54. Kf3 Kh7 55. Kf4 Kh6 56. Kf5 Kh7 57. Kf6 Kh8 58.
Qg7# 1-0

[Event "FIDE TURNIR 2014"]
[Site "Ljubljana"]
[Date "2014.04.23"]
[Round "4.25"]
[White "Ocepek, Jan"]
[Black "Bajt, Hana"]
[Result "0-1"]
[WhiteElo "1342"]
[BlackElo "1396"]
[PlyCount "121"]
[EventDate "2014.04.23"]

1. e4 e5 2. Nf3 Nc6 3. Bb5 a6 4. Bxc6 bxc6 5. O-O d6 6. h3 Nf6 7. Nc3 Be6 8. d4
exd4 9. Nxd4 Qd7 10. Bg5 Be7 11. a3 O-O 12. Qd2 h6 13. Bh4 Nxe4 14. Qf4 Nf6 15.
Bxf6 Bxf6 16. Nxe6 fxe6 17. Qe3 d5 18. Qd3 c5 19. Rfe1 c4 20. Qg3 Bxc3 21. bxc3
Rf6 22. Qg4 Rb8 23. Re3 Rb2 24. Re2 c5 25. Rd2 Qa4 26. Qe2 Qb5 27. Qe1 Qc6 28.
Qe2 Qb7 29. Qe1 Rb6 30. Rdd1 Qd7 31. Qe3 Qd6 32. a4 e5 33. Rd2 Rb7 34. Rad1 d4
35. cxd4 cxd4 36. Qe2 Qd5 37. Qg4 Qe6 38. Qxe6+ Rxe6 39. Re2 Rd7 40. Rde1 Rde7
41. f3 Kf7 42. a5 Kf6 43. Kf2 Rb7 44. f4 Rb5 45. Rxe5 Rexe5 46. Rxe5 Rxe5 47.
fxe5+ Kxe5 48. g3 Ke4 49. Ke2 g5 50. g4 Kf4 51. Kf2 d3 52. cxd3 cxd3 53. Ke1
Kg3 54. Kd2 Kxh3 55. Kxd3 Kxg4 56. Kd2 Kg3 57. Kd1 Kg2 58. Kd2 h5 59. Kd1 h4
60. Kd2 h3 61. Kd1 0-1

[Event "FIDE TURNIR 2014"]
[Site "Ljubljana"]
[Date "2014.04.23"]
[Round "4.26"]
[White "Paternoster, Darja"]
[Black "Hvala, Arja Ela"]
[Result "1-0"]
[WhiteElo "1513"]
[BlackElo "1538"]
[PlyCount "133"]
[EventDate "2014.04.23"]

1. e4 e6 2. Nf3 d5 3. d3 h6 4. Be3 dxe4 5. dxe4 Qxd1+ 6. Kxd1 Nf6 7. Bc4 Nxe4
8. Ke2 Bc5 9. Bxc5 Nxc5 10. Rd1 O-O 11. Kf1 Nc6 12. Nc3 e5 13. Bd5 Be6 14. Bxc6
bxc6 15. Nxe5 Rfd8 16. Nxc6 Rxd1+ 17. Rxd1 Bc4+ 18. Kg1 Ne6 19. b3 Ba6 20. Nd5
Bb7 21. Nce7+ Kf8 22. Nf5 Bxd5 23. Rxd5 Rd8 24. Rxd8+ Nxd8 25. a4 Nc6 26. c3
Ne5 27. Kf1 Ke8 28. Ke2 Kd7 29. Kd2 Kc6 30. Kc2 Kb6 31. c4 c5 32. Kc3 a5 33.
Ne3 g5 34. Nd5+ Kc6 35. Ne7+ Kd7 36. Nf5 h5 37. g3 Ng4 38. h4 f6 39. f3 gxh4
40. gxh4 Nh2 41. f4 Nf3 42. Ng7 Nxh4 43. Nxh5 f5 44. Ng7 Ke7 45. Nh5 Kf7 46.
Ng3 Kg6 47. Kd3 Ng2 48. Ne2 Kh5 49. Kd2 Kg4 50. b4 Nxf4 51. Nxf4 Kxf4 52. bxc5
Kg4 53. c6 f4 54. c7 Kg3 55. c8=Q f3 56. Ke1 Kg2 57. Qf8 Kg3 58. Kd2 f2 59. Ke2
Kg2 60. Qxf2+ Kh3 61. Ke3 Kg4 62. Qf4+ Kh5 63. Qg3 Kh6 64. Kf4 Kh7 65. Kf5 Kh8
66. Kf6 Kh7 67. Qg7# 1-0

[Event "FIDE TURNIR 2014"]
[Site "Ljubljana"]
[Date "2014.05.06"]
[Round "4.27"]
[White "Zaloznik S., Gal"]
[Black "Adamic, Nejc"]
[Result "0-1"]
[WhiteElo "1500"]
[BlackElo "1500"]
[PlyCount "44"]
[EventDate "2014.04.23"]

1. e4 e5 2. Nf3 Nc6 3. Bc4 Nf6 4. Ng5 d5 5. exd5 Nxd5 6. Nxf7 Kxf7 7. Qf3+ Ke6
8. Nc3 Nd4 9. Qd3 c6 10. O-O b5 11. Re1 Bc5 12. Bxd5+ cxd5 13. b4 Bb6 14. f4
Nxc2+ 15. Kh1 Nxe1 16. Qh3+ Kf7 17. Qh5+ g6 18. Qxe5 Nd3 19. Qe2 Nf2+ 20. Kg1
Nd3+ 21. Kh1 Re8 22. Qf3 Re1+ 0-1

[Event "FIDE TURNIR 2014"]
[Site "Ljubljana"]
[Date "2014.04.23"]
[Round "4.28"]
[White "Hvala, Inja Ajda"]
[Black "Jelen, Anja"]
[Result "1-0"]
[WhiteElo "1519"]
[BlackElo "1550"]
[PlyCount "93"]
[EventDate "2014.04.23"]

1. e4 e5 2. Nf3 Nc6 3. d4 exd4 4. Nxd4 Nf6 5. Nc3 Bb4 6. Nxc6 bxc6 7. a3 Ba5 8.
b4 Bb6 9. Na4 d5 10. Nxb6 cxb6 11. exd5 cxd5 12. Bb5+ Bd7 13. Qe2+ Qe7 14.
Bxd7+ Nxd7 15. Qxe7+ Kxe7 16. O-O Kf8 17. Rd1 Nf6 18. Bg5 Ne4 19. Bf4 g6 20.
Bh6+ Kg8 21. Rxd5 Nc3 22. Rd3 Na4 23. Rad1 f6 24. Rd8+ Rxd8 25. Rxd8+ Kf7 26.
Rxh8 Nc3 27. Rxh7+ Ke6 28. Rxa7 Ne2+ 29. Kf1 g5 30. Kxe2 Kf5 31. Ra6 b5 32. Rb6
Kg6 33. Bf8 Kf5 34. Rxb5+ Kg4 35. a4 Kf4 36. a5 Ke4 37. f3+ Kd4 38. a6 Kc4 39.
Rb8 Kc3 40. a7 Kxc2 41. a8=Q Kb3 42. Qd5+ Ka3 43. b5+ Kb2 44. Ra8 Kc2 45. Qd2+
Kb3 46. Qb4+ Kc2 47. Rc8# 1-0

[Event "FIDE TURNIR 2014"]
[Site "Ljubljana"]
[Date "2014.05.20"]
[Round "5.1"]
[White "Urh, Zala"]
[Black "Sketa, Mark"]
[Result "0-1"]
[WhiteElo "1570"]
[BlackElo "1660"]
[PlyCount "68"]
[EventDate "2014.05.07"]

1. e4 c5 2. Nf3 Nc6 3. d4 cxd4 4. Nxd4 Nf6 5. Nc3 d6 6. Bg5 e6 7. Qd2 h6 8. Be3
a6 9. O-O-O Bd7 10. f3 b5 11. g4 Qa5 12. Kb1 Nxd4 13. Qxd4 b4 14. Ne2 e5 15.
Qb6 Qxb6 16. Bxb6 Be6 17. Ng3 g6 18. Bd3 Be7 19. Rhe1 O-O 20. Bf1 Rfc8 21. Be3
Kg7 22. Rd2 a5 23. Red1 a4 24. Ne2 Nd7 25. c3 Rab8 26. Rc1 Nc5 27. cxb4 Rxb4
28. Rdc2 a3 29. Bxc5 dxc5 30. Ka1 Ra8 31. Nc3 Bg5 32. Rd1 axb2+ 33. Rxb2 Ra3
34. Be2 Rxc3 0-1

[Event "FIDE TURNIR 2014"]
[Site "Ljubljana"]
[Date "2014.05.07"]
[Round "5.2"]
[White "Drobnic, Milan"]
[Black "Unuk, Laura"]
[Result "0-1"]
[WhiteElo "1816"]
[BlackElo "2046"]
[PlyCount "162"]
[EventDate "2014.05.07"]

1. c4 Nf6 2. g3 c5 3. Bg2 g6 4. Nf3 Bg7 5. O-O Nc6 6. Nc3 O-O 7. Rb1 d6 8. a3
d5 9. cxd5 Nxd5 10. Nxd5 Qxd5 11. d3 Qa2 12. Be3 c4 13. dxc4 Bf5 14. Ra1 Qxb2
15. Rc1 Qxa3 16. Nh4 Rad8 17. Qe1 Be6 18. Rb1 Rd7 19. Qc1 Qa2 20. Bh6 Qxe2 21.
Bxg7 Kxg7 22. Qc3+ Qe5 23. Qxe5+ Nxe5 24. Rxb7 Rxb7 25. Bxb7 Bxc4 26. Ra1 a6
27. Bxa6 Ra8 28. Re1 Rxa6 29. Rxe5 e6 30. Re1 Bd5 31. Ng2 g5 32. Ne3 Bf3 33. h3
h5 34. Nc4 f6 35. Nd2 Bd5 36. Nf1 Kg6 37. Ne3 Bf3 38. Nc2 f5 39. Nd4 Bd5 40.
Nb5 Bc4 41. Nd4 Kf6 42. Nf3 Bd5 43. Ne5 Ra3 44. Kh2 Rc3 45. Nd7+ Ke7 46. Ne5
Be4 47. f4 Rc2+ 48. Kg1 Rg2+ 49. Kf1 Rxg3 50. fxg5 Rxg5 51. h4 Rg3 52. Kf2 Rh3
53. Ra1 f4 54. Ra4 Re3 55. Nc4 Rf3+ 56. Ke2 Rc3 57. Ne5 f3+ 58. Kf2 Rc2+ 59.
Kf1 Bd5 60. Rf4 Rc3 61. Kf2 Kd6 62. Nf7+ Kc5 63. Ne5 Rc2+ 64. Kf1 Rh2 65. Kg1
Rh3 66. Kf2 Rh1 67. Kg3 Rf1 68. Kh2 Kb5 69. Kg3 Re1 70. Nxf3 Re3 71. Kf2 Rxf3+
72. Rxf3 Bxf3 73. Kxf3 Kc5 74. Ke4 Kd6 75. Kf4 e5+ 76. Ke4 Ke6 77. Ke3 Kf5 78.
Kf3 e4+ 79. Ke3 Ke5 80. Ke2 Kf4 81. Kf2 Kg4 0-1

[Event "FIDE TURNIR 2014"]
[Site "Ljubljana"]
[Date "2014.05.07"]
[Round "5.3"]
[White "Drobnic, Rok"]
[Black "Cerkvenik, Simon"]
[Result "0-1"]
[WhiteElo "1196"]
[BlackElo "1708"]
[PlyCount "30"]
[EventDate "2014.05.07"]

1. e4 e5 2. Nf3 Nc6 3. d4 exd4 4. Bc4 Nf6 5. Ng5 Ne5 6. Bb3 h6 7. f4 hxg5 8.
fxe5 Nxe4 9. Qf3 d5 10. Nd2 g4 11. Qd3 Qh4+ 12. Ke2 Qf2+ 13. Kd1 Qxg2 14. Bxd5
Qxh1+ 15. Ke2 Rxh2# 0-1